Mainstreaming children with visual impairment: a paradigm (Record no. 8141)

MARC details
000 -LEADER
fixed length control field 00353nam a2200133Ia 4500
020 ## - INTERNATIONAL STANDARD BOOK NUMBER
ISBN 9788126159796
082 ## - DEWEY DECIMAL CLASSIFICATION NUMBER
Classification number 649.1511 UNN-M
100 ## - MAIN ENTRY--AUTHOR NAME
Personal name Unnikrishnan, Praseetha
245 #0 - TITLE STATEMENT
Title Mainstreaming children with visual impairment: a paradigm
260 ## - PUBLICATION, DISTRIBUTION, ETC. (IMPRINT)
Place of publication New Delhi
Name of publisher Anmol Publications
Year of publication 2013
300 ## - PHYSICAL DESCRIPTION
Number of Pages x, 368
650 ## - SUBJECT ADDED ENTRY--TOPICAL TERM
Topical Term CHILDREN,BLIND
942 ## - ADDED ENTRY ELEMENTS (KOHA)
Koha item type Books
Holdings
Withdrawn status Lost status Damaged status Not for loan Home library Current library Date acquired Source of acquisition Bill Date Full call number Accession Number Price effective from Koha item type
        NASSDOC Library NASSDOC Library 27/11/2013 Gifted by : RSP Division, ICSSR 2013-09-19 649.1511 UNN-M 48235 18/04/2019 Books